Closed door? (Record no. 65244)

MARC details
000 -LEADER
fixed length control field 01046cam a2200253 4500
001 - CONTROL NUMBER
control field ABS63162
008 - FIXED-LENGTH DATA ELEMENTS--GENERAL INFORMATION
fixed length control field 000000n2000 000 0 eng u
035 ## - SYSTEM CONTROL NUMBER
System control number (Sirsi) u109314
100 ## - MAIN ENTRY--PERSONAL NAME
Personal name Thompson, B
245 ## - TITLE STATEMENT
Title Closed door?
260 ## - PUBLICATION, DISTRIBUTION, ETC.
Date of publication, distribution, etc. 2000
490 ## - SERIES STATEMENT
Series statement Roof
Volume/sequential designation 25(6) November/December 2000, 9(1)
520 ## - SUMMARY, ETC.
Summary, etc. Looks at the negative impact of 'RPI only' rent increases on large scale voluntary transfers (LSVTs). Suggests that the introduction of RPI only may result in repayment difficulties, a breach of financial covenants, and a loss of valuations and asset cover for associations on existing LSVT business plans. Considers a number of contingency plans for LSVTs if RPI only goes ahead.
590 ## - LOCAL NOTE (RLIN)
Local note ABS
650 ## - SUBJECT ADDED ENTRY--TOPICAL TERM
Topical term or geographic name entry element HOUSING ASSOCIATIONS
650 ## - SUBJECT ADDED ENTRY--TOPICAL TERM
Topical term or geographic name entry element BUSINESS PLANS
650 ## - SUBJECT ADDED ENTRY--TOPICAL TERM
Topical term or geographic name entry element SOCIAL HOUSING
650 ## - SUBJECT ADDED ENTRY--TOPICAL TERM
Topical term or geographic name entry element LARGE SCALE VOLUNTARY TRANSFERS
650 ## - SUBJECT ADDED ENTRY--TOPICAL TERM
Topical term or geographic name entry element STOCK TRANSFERS
650 ## - SUBJECT ADDED ENTRY--TOPICAL TERM
Topical term or geographic name entry element ALL ITEMS RETAIL PRICES INDEX
650 ## - SUBJECT ADDED ENTRY--TOPICAL TERM
Topical term or geographic name entry element LARGE SCALE VOLUNTARY TRANSFERS
690 ## - LOCAL SUBJECT ADDED ENTRY--TOPICAL TERM (OCLC, RLIN)
Topical term or geographic name as entry element Block management
9 (RLIN) 6220
942 ## - ADDED ENTRY ELEMENTS (KOHA)
Suppress in OPAC 0
Holdings
Withdrawn status Lost status Source of classification or shelving scheme Damaged status Not for loan Home library Current library Shelving location Date acquired Total Checkouts Full call number Barcode Date last seen Copy number Price effective from Koha item type
    Dewey Decimal Classification     London London Journal article 13/11/2000   ABS63162 109314-1001 06/08/2019 1 06/08/2019 Journal article